| 000 | 00354 a2200121 4500 | ||
|---|---|---|---|
| 999 |
_c9844 _d9844 |
||
| 008 | 220307b ||||| |||| 00| 0 eng d | ||
| 020 | _a9789812453228 | ||
| 082 |
_a747 _bWEA |
||
| 100 | _aWeaving, Andrew | ||
| 245 | _aThe home modernised : making a home for the way you want to live today | ||
| 260 |
_aLondon _bPage Publishing Pvt LTD _c2005 |
||
| 942 | _2ddc | ||